Les 40 plus longues voies de Paris - Statistiques

Statistiques générales
  • Ce quiz a été pris 977 fois
  • Le résultat moyen est 10 sur 40
Statistiques - réponses
Nom de voie Arrondissements traversés Longueur en mètres % Correct
Avenue des Champs-Élysées 8e 1 910
84%
Rue de Rivoli 1er, 4e 3 070
71%
Rue de Vaugirard 6e, 15e 4 360
66%
Boulevard périphérique 12e, 13e, 14e, 15e, 16e, 17e, 18e, 19e, 20e 35 500
62%
Boulevard Saint-Germain 5e, 6e, 7e 3 150
51%
Boulevard Voltaire 11e 2 850
38%
Avenue Daumesnil 12e 6 270 (3 400 intramuros)
32%
Rue de Belleville 19e, 20e 2 250
32%
Boulevard Haussmann 8e, 9e 2 530
30%
Rue du Faubourg-Saint-Honoré 8e 2 070
29%
Rue des Pyrénées 20e 3 515
28%
Boulevard de Magenta 9e, 10e 1 920
27%
Boulevard Raspail 6e, 7e, 14e 2 370
26%
Rue La Fayette 9e, 10e 2 830
26%
Voie Georges-Pompidou 1er, 4e, 8e, 12e, 16e 13 000
24%
Boulevard Malesherbes 8e, 17e 2 650
22%
Rue de Courcelles 8e, 17e 2 325
22%
Rue de Grenelle 6e, 7e 2 250
21%
Rue de Tolbiac 13e 2 715
21%
Boulevard Diderot 12e 1 915
20%
Rue d'Alésia 14e 2 400
20%
Rue de la Convention 15e 2 120
20%
Rue Lecourbe 15e 2 400
20%
Quai de Bercy 12e 1 971
19%
Boulevard Ney 18e 3 000
17%
Avenue Gambetta 20e 2 280
16%
Rue de Charenton 12e 3 150
15%
Rue de l'Université 7e 2 785
13%
Avenue du Maine 14e, 15e 1 931
12%
Avenue de Versailles 16e 2 080
11%
Rue Saint-Maur 10e, 11e 1 935
11%
Boulevard Pereire 17e 2 540
10%
Boulevard Masséna 13e 2 110
9%
Rue Ordener 18e 2 020
9%
Rue de Crimée 19e 2 540
8%
Rue Marcadet 18e 2 030
7%
Rue Saint-Charles 15e 1 950
7%
Boulevard Murat 16e 1 930
6%
Boulevard Sérurier 19e 2 550
4%
Avenue du Tremblay 12e 2 350
1%
Aucun quiz correspondant
Distribution des résultats
% des personnes avec chaque résultat
Percentile par nombre de réponses
Votre historique - résultats
Vous n’avez pas pris ce quiz